000 00408nam a2200157 4500
020 _a9789385018725
082 _aM3
_bSAT/V
100 _aSatheeshbabu Payyanur
245 _aVilapavrukshathile kattu/
_cby Satheeshbabu Payyanur
260 _aThiruvananthapuram:
_bChintha,
_c2015.
300 _a64p.
650 _aNovel Malayalam
650 _aLiterature Malayalam
650 _aLiterature
942 _cBK
999 _c181582
_d181582